[Event "ESP-ch rapid"]
[Site "Linares"]
[Date "2015.08.22"]
[Round "8"]
[White "Anton Guijarro, David"]
[Black "Recuero Guerra, David"]
[Result "1-0"]
[WhiteElo "2635"]
[BlackElo "2418"]
[PlyCount "56"]
[EventDate "2015.08.22"]
[EventType "swiss (rapid)"]
[EventRounds "9"]
[EventCountry "ESP"]
[SourceTitle "EXT 2016"]
[Source "ChessBase"]
[SourceDate "2015.10.08"]
[SourceVersion "1"]
[SourceVersionDate "2015.10.08"]
[SourceQuality "1"]

1. e4 c5 2. Nc3 Nc6 3. Bb5 Nd4 4. Nf3 Nxb5 5. Nxb5 a6 6. Nc3 b5 7. d4 cxd4 8. Qxd4 Bb7 9. Bg5 h6 10. Bh4 d6 11. a4 bxa4 12. 0-0 Nf6 13. Bxf6 gxf6 14. Nd5 Bc6 15. Nh4 Rc8 16. Nf5 Bb5 17. Rfe1 Rc4 18. Qa7 Rg8 19. b3 Rc8 20. bxa4 Bc6 21. Qxa6 Rg5 22. c4 Rg6 23. c5 Rg5 24. Rad1 Bxd5 25. Rxd5 Rxc5 26. Rxc5 dxc5 27. Rb1 Bg7 28. Qa7 e6 1-0

[Event "Saint Louis SPICE Cup op 8th"]
[Site "Saint Louis"]
[Date "2014.10.23"]
[Round "4"]
[White "Recuero Guerra, David"]
[Black "Le, Quang Liem"]
[Result "0-1"]
[WhiteElo "2424"]
[BlackElo "2706"]
[PlyCount "66"]
[EventDate "2014.10.21"]
[EventType "swiss"]
[EventRounds "9"]
[EventCountry "USA"]
[SourceTitle "EXT 2015"]
[Source "ChessBase"]
[SourceDate "2014.11.20"]
[SourceVersion "1"]
[SourceVersionDate "2014.11.20"]
[SourceQuality "1"]

1. d4 Nf6 2. c4 g6 3. f3 d5 4. cxd5 Nxd5 5. e4 Nb6 6. Nc3 Bg7 7. Be3 0-0 8. Qd2 e5 9. d5 c6 10. h4 cxd5 11. exd5 N8d7 12. h5 Nf6 13. hxg6 fxg6 14. 0-0-0 Bd7 15. Kb1 Rc8 16. Ka1 e4 17. Bd4 exf3 18. Nxf3 Bg4 19. Be2 Nc4 20. Bxc4 Rxc4 21. Rde1 Bxf3 22. gxf3 b5 23. Qd3 Qd7 24. Be5 a6 25. d6 Qf7 26. Bd4 Rd8 27. Bb6 Rd7 28. Ne4 Nxe4 29. fxe4 Be5 30. Rhf1 Rxd6 31. Rxf7 Rxd3 32. Rb7 Rd2 33. Re7 Bxb2+ 0-1

[Event "Saint Louis SPICE Cup op 8th"]
[Site "Saint Louis"]
[Date "2014.10.22"]
[Round "2"]
[White "Robson, Ray"]
[Black "Recuero Guerra, David"]
[Result "1-0"]
[WhiteElo "2628"]
[BlackElo "2424"]
[PlyCount "51"]
[EventDate "2014.10.21"]
[EventType "swiss"]
[EventRounds "9"]
[EventCountry "USA"]
[SourceTitle "EXT 2015"]
[Source "ChessBase"]
[SourceDate "2014.11.20"]
[SourceVersion "1"]
[SourceVersionDate "2014.11.20"]
[SourceQuality "1"]

1. e4 e6 2. d4 d5 3. Nc3 Bb4 4. e5 c5 5. a3 Bxc3+ 6. bxc3 Ne7 7. a4 Qa5 8. Qd2 b6 9. Bb5+ Bd7 10. Bd3 Bc8 11. Ba3 Qxa4 12. Qg5 Ng6 13. h4 h6 14. Qg3 0-0 15. Nf3 Qc6 16. dxc5 bxc5 17. Bc1 Kh8 18. h5 Ne7 19. Qh4 Ng8 20. g4 d4 21. g5 Qxf3 22. gxh6 gxh6 23. Rg1 Bb7 24. Bxh6 Nxh6 25. Qg5 Nf5 26. Qf6+ 1-0

[Event "Saint Louis op 4th"]
[Site "Saint Louis"]
[Date "2013.12.01"]
[Round "5"]
[White "Priyadharshan, Kannappan"]
[Black "Recuero Guerra, David"]
[Result "1/2-1/2"]
[WhiteElo "2402"]
[BlackElo "2440"]
[PlyCount "56"]
[EventDate "2013.11.30"]
[EventType "swiss"]
[EventRounds "5"]
[EventCountry "USA"]
[SourceTitle "CBM 157 Extra"]
[Source "ChessBase"]
[SourceDate "2013.12.19"]
[SourceVersion "1"]
[SourceVersionDate "2013.12.19"]
[SourceQuality "1"]

1. e4 c5 2. Nf3 Nc6 3. Bb5 e6 4. 0-0 Nge7 5. d4 cxd4 6. Nxd4 Ng6 7. Nxc6 bxc6 8. Be2 Bc5 9. c4 0-0 10. Nc3 e5 11. Be3 Bxe3 12. fxe3 d6 13. Qd2 Be6 14. Rad1 Qg5 15. Rf3 Rad8 16. b3 Rd7 17. Qe1 h5 18. Qg3 Qd8 19. h3 h4 20. Qe1 Qg5 21. Qf2 Ne7 22. Kh2 g6 23. g3 hxg3+ 24. Rxg3 Qh4 25. Rf1 Kg7 26. Bg4 Bxg4 27. Rxg4 Qxf2+ 28. Rxf2 a5 1/2-1/2

[Event "Saint Louis op 4th"]
[Site "Saint Louis"]
[Date "2013.11.30"]
[Round "3"]
[White "Agrest, Inna"]
[Black "Recuero Guerra, David"]
[Result "1/2-1/2"]
[WhiteElo "2160"]
[BlackElo "2440"]
[PlyCount "64"]
[EventDate "2013.11.30"]
[EventType "swiss"]
[EventRounds "5"]
[EventCountry "USA"]
[SourceTitle "CBM 157 Extra"]
[Source "ChessBase"]
[SourceDate "2013.12.19"]
[SourceVersion "1"]
[SourceVersionDate "2013.12.19"]
[SourceQuality "1"]

1. e4 c5 2. Nf3 Nc6 3. d4 cxd4 4. Nxd4 Nf6 5. Nc3 d6 6. Bg5 e6 7. Qd2 Be7 8. 0-0-0 0-0 9. f3 Nxd4 10. Qxd4 a6 11. g4 b5 12. h4 Bb7 13. Kb1 Rc8 14. Rh2 Qc7 15. Rhd2 Rfd8 16. Qf2 b4 17. Bxf6 Bxf6 18. Ne2 d5 19. g5 Be7 20. e5 Qxe5 21. f4 Qc7 22. h5 a5 23. Nd4 e5 24. fxe5 Bxg5 25. Re2 Ba6 26. Ree1 Bxf1 27. Rxf1 h6 28. Qf5 Kh8 29. Nf3 Be3 30. Nh4 Bg5 31. Nf3 Be3 32. Nh4 Bg5 1/2-1/2

[Event "ESP-ch 78th"]
[Site "Linares"]
[Date "2013.09.02"]
[Round "5"]
[White "Recuero Guerra, David"]
[Black "Arboledas Fernandez, Antonio A"]
[Result "1-0"]
[WhiteElo "2454"]
[BlackElo "2149"]
[PlyCount "65"]
[EventDate "2013.08.29"]
[EventType "swiss"]
[EventRounds "9"]
[EventCountry "ESP"]
[SourceTitle "CBM 156 Extra"]
[Source "ChessBase"]
[SourceDate "2013.10.22"]
[SourceVersion "1"]
[SourceVersionDate "2013.10.22"]
[SourceQuality "1"]

1. d4 e6 2. Nf3 d5 3. c4 c6 4. e3 Bd6 5. Bd3 f5 6. 0-0 Nf6 7. b3 Qe7 8. Bb2 0-0 9. Qc1 Ne4 10. Ba3 Nd7 11. Bxd6 Nxd6 12. Qa3 b6 13. Ne5 Bb7 14. Nd2 Nxe5 15. dxe5 Nc8 16. Qxe7 Nxe7 17. c5 Kf7 18. Rac1 h6 19. Nf3 Ke8 20. Nd4 Kd7 21. f4 b5 22. Kf2 g5 23. h3 a6 24. Be2 a5 25. a3 Ba6 26. Rg1 Bb7 27. g4 Rg8 28. Bd3 Raf8 29. gxf5 Nxf5 30. Bxf5 exf5 31. Rg3 gxf4 32. exf4 Rxg3 33. Kxg3 1-0

[Event "ESP-ch 78th"]
[Site "Linares"]
[Date "2013.08.30"]
[Round "2"]
[White "Ruiz Sanchez, Miguel Angel"]
[Black "Recuero Guerra, David"]
[Result "1-0"]
[WhiteElo "2221"]
[BlackElo "2454"]
[PlyCount "147"]
[EventDate "2013.08.29"]
[EventType "swiss"]
[EventRounds "9"]
[EventCountry "ESP"]
[SourceTitle "CBM 156 Extra"]
[Source "ChessBase"]
[SourceDate "2013.10.22"]
[SourceVersion "1"]
[SourceVersionDate "2013.10.22"]
[SourceQuality "1"]

1. d4 Nf6 2. Bf4 d6 3. e3 g6 4. Be2 Bg7 5. h3 0-0 6. Nf3 c5 7. c3 cxd4 8. exd4 Be6 9. 0-0 Nc6 10. Na3 Rc8 11. c4 d5 12. c5 Nd7 13. Bb5 Ndb8 14. Qd2 Qa5 15. Qc3 Bf5 16. Rfd1 Qxc3 17. bxc3 b6 18. cxb6 axb6 19. g4 Bd7 20. Bf1 Na5 21. Rdc1 Bc6 22. Ne5 Bxe5 23. Bxe5 Nd7 24. Bf4 Ra8 25. h4 Nb7 26. Nc2 Rfc8 27. Nb4 Nf6 28. c4 Na5 29. g5 Nh5 30. cxd5 Nxf4 31. dxc6 Rc7 32. d5 Rd8 33. Rd1 Kg7 34. Kh2 Rd6 35. Kg3 Nh5+ 36. Kf3 Kf8 37. Bh3 f5 38. gxf6 Rxf6+ 39. Kg2 Nf4+ 40. Kh2 Nxh3 41. Kxh3 Nc4 42. Kg2 Nd6 43. Rd3 Nf5 44. Rh1 Kg7 45. Ra3 Rf8 46. Rhh3 h5 47. Ra6 b5 48. Ra5 Nd6 49. Rf3 Nf5 50. Kh3 Re8 51. Rfa3 Nd6 52. Na6 Rcc8 53. Rb3 Ra8 54. Raa3 Rf8 55. Nc7 Rxa3 56. Ne6+ Kg8 57. Rxa3 Rxf2 58. Ra8+ Kh7 59. Ra7 Nf5 60. Rb7 Rxa2 61. Rxb5 Ra3+ 62. Kh2 Ra2+ 63. Kg1 Ra1+ 64. Kf2 Ra2+ 65. Ke1 Rc2 66. Rc5 Rxc5 67. Nxc5 Nd6 68. Kf2 Kg7 69. Kf3 Kf7 70. Kf4 Nc8 71. Ke5 Nd6 72. Ne4 Nxe4 73. Kxe4 Ke8 74. Kf4 1-0

[Event "ESP-ch rapid"]
[Site "Linares"]
[Date "2013.08.26"]
[Round "4"]
[White "Recuero Guerra, David"]
[Black "Miton, Kamil"]
[Result "0-1"]
[WhiteElo "2454"]
[BlackElo "2609"]
[PlyCount "91"]
[EventDate "2013.08.26"]
[EventType "swiss (rapid)"]
[EventRounds "9"]
[EventCountry "ESP"]
[SourceTitle "CBM 156 Extra"]
[Source "ChessBase"]
[SourceDate "2013.10.22"]
[SourceVersion "1"]
[SourceVersionDate "2013.10.22"]
[SourceQuality "1"]

1. Nf3 Nf6 2. c4 g6 3. g3 Bg7 4. Bg2 0-0 5. 0-0 d6 6. Nc3 Nc6 7. d3 e5 8. Rb1 a5 9. a3 Re8 10. Bg5 h6 11. Bxf6 Bxf6 12. b4 axb4 13. axb4 Bg7 14. b5 Ne7 15. Nd2 e4 16. Qc2 e3 17. fxe3 Nf5 18. Rxf5 Bxf5 19. Bxb7 Rxe3 20. Nf1 Bxc3 21. Qxc3 Rxe2 22. Bf3 Rea2 23. Bxa8 Qxa8 24. Rb2 Rxb2 25. Qxb2 Bxd3 26. Ne3 Qf3 27. Qf2 Qa8 28. Qf6 Qa7 29. Kf2 Bxc4 30. Kf3 Be6 31. h4 h5 32. Qg5 Qc5 33. Qxc5 dxc5 34. Ke4 Kf8 35. Nd5 Bxd5+ 36. Kxd5 Ke7 37. Kxc5 Kd7 38. Kd5 f6 39. Kc5 Ke7 40. Kc6 Kd8 41. Kd5 Kd7 42. Kc5 g5 43. Kd5 g4 44. Kc5 f5 45. Kd5 f4 46. Kc5 0-1

[Event "ESP-ch 77th"]
[Site "San Agustin"]
[Date "2012.09.30"]
[Round "2"]
[White "Recuero Guerra, David"]
[Black "Lopez Colon, Francisco"]
[Result "1-0"]
[WhiteElo "2450"]
[BlackElo "2093"]
[PlyCount "79"]
[EventDate "2012.09.29"]
[EventType "swiss"]
[EventRounds "9"]
[EventCountry "ESP"]
[SourceTitle "EXT 2014"]
[Source "ChessBase"]
[SourceDate "2013.11.20"]
[SourceVersion "1"]
[SourceVersionDate "2013.11.20"]
[SourceQuality "1"]

1. e4 g6 2. d4 Bg7 3. Bc4 c6 4. Qf3 e6 5. Ne2 d5 6. Bb3 dxe4 7. Qxe4 Nf6 8. Qh4 Nd5 9. Qxd8+ Kxd8 10. c4 Nb4 11. 0-0 c5 12. Rd1 cxd4 13. Nxd4 Ke7 14. Nc3 Bd7 15. Bg5+ f6 16. Be3 N8a6 17. Ndb5 b6 18. a3 Nc6 19. Ba2 Ne5 20. Nd6 Ng4 21. Bf4 g5 22. Bc1 Rhd8 23. h3 Bc6 24. hxg4 Rxd6 25. Rxd6 Kxd6 26. b4 Nc7 27. Be3 Ke7 28. b5 Bd7 29. a4 Ke8 30. Rc1 h6 31. c5 bxc5 32. Bxc5 e5 33. f3 Be6 34. Bb1 Bf8 35. Ne4 Nd5 36. Bxf8 Kxf8 37. Rc6 Kf7 38. Ba2 Nf4 39. Bxe6+ Nxe6 40. Ra6 1-0

[Event "ESP-chT CECLUB Div1 Final Permanencia"]
[Site "Don Benito"]
[Date "2012.08.05"]
[Round "2.1"]
[White "Espinosa Aranda, Angel"]
[Black "Recuero Guerra, David"]
[Result "1/2-1/2"]
[WhiteElo "2412"]
[BlackElo "2452"]
[PlyCount "63"]
[EventDate "2012.07.30"]
[EventType "team"]
[EventRounds "2"]
[EventCountry "ESP"]
[SourceTitle "CBM 149 Extra"]
[Source "ChessBase"]
[SourceDate "2012.08.24"]
[SourceVersion "1"]
[SourceVersionDate "2012.08.24"]
[SourceQuality "1"]
[WhiteTeam "Almagro"]
[BlackTeam "Oviedo Universidad"]
[WhiteTeamCountry "ESP"]
[BlackTeamCountry "ESP"]

1. e4 e6 2. d4 d5 3. Nc3 Bb4 4. Nge2 dxe4 5. a3 Be7 6. Nxe4 Nf6 7. Nxf6+ Bxf6 8. Be3 0-0 9. Qd2 Nd7 10. 0-0-0 Be7 11. Nc3 Nf6 12. d5 exd5 13. Nxd5 Nxd5 14. Qxd5 Qxd5 15. Rxd5 Be6 16. Rd1 Rfd8 17. Be2 Bd5 18. Rhg1 c5 19. g3 Bc6 20. Rxd8+ Rxd8 21. Rd1 Rxd1+ 22. Kxd1 Bd6 23. Kd2 Kf8 24. b4 cxb4 25. axb4 Bxb4+ 26. c3 Bd6 27. Bxa7 g6 28. Ke3 Be5 29. Bd4 Bd6 30. Ba7 Be5 31. Bd4 Bxd4+ 32. Kxd4 1/2-1/2

[Event "ESP-chT CECLUB Div1 GpA"]
[Site "Don Benito"]
[Date "2012.08.01"]
[Round "3"]
[White "Trepat Herranz, Joan"]
[Black "Recuero Guerra, David"]
[Result "1-0"]
[WhiteElo "2299"]
[BlackElo "2467"]
[PlyCount "109"]
[EventDate "2012.07.30"]
[EventType "team"]
[EventRounds "5"]
[EventCountry "ESP"]
[SourceTitle "CBM 149 Extra"]
[Source "ChessBase"]
[SourceDate "2012.08.24"]
[SourceVersion "1"]
[SourceVersionDate "2012.08.24"]
[SourceQuality "1"]
[WhiteTeam "Lleida"]
[BlackTeam "Oviedo Universidad"]
[WhiteTeamCountry "ESP"]
[BlackTeamCountry "ESP"]

1. e4 c5 2. Nf3 d6 3. d4 cxd4 4. Nxd4 Nf6 5. Nc3 Nc6 6. Bg5 e6 7. Qd2 Be7 8. 0-0-0 Nxd4 9. Qxd4 0-0 10. f3 a6 11. h4 b5 12. Kb1 Bb7 13. Qd2 Qc7 14. Bd3 Rac8 15. Ne2 d5 16. e5 Ne4 17. Qe1 Bc5 18. Rf1 Bb6 19. Rc1 Nc5 20. Qg3 f5 21. h5 b4 22. h6 g6 23. Rfe1 Qf7 24. Nf4 Nd7 25. Qh4 Bc7 26. Be7 Rfe8 27. Bxb4 Bxe5 28. c4 d4 29. c5 Bf6 30. Qf2 Ne5 31. Bc2 a5 32. Bxa5 Rxc5 33. Bb6 Rc4 34. Bb3 Rxc1+ 35. Rxc1 Nc6 36. Re1 Be5 37. Nd3 Bf6 38. Nc5 Ne5 39. Nxb7 Nd3 40. Nd6 Nxf2 41. Nxf7 Kxf7 42. a4 Nd3 43. Rd1 Rb8 44. a5 Nf4 45. Bc4 Nxg2 46. a6 d3 47. Rxd3 Rxb6 48. a7 Rxb2+ 49. Kc1 Rb4 50. Ba6 Bg5+ 51. Kd1 Rb1+ 52. Kc2 Rc1+ 53. Kb2 Ne1 54. Rd7+ Ke8 55. Rxh7 1-0

[Event "Presolana op 31st"]
[Site "Presolana"]
[Date "2011.08.25"]
[Round "6"]
[White "Recuero Guerra, David"]
[Black "Borgo, Giulio"]
[Result "1-0"]
[WhiteElo "2441"]
[BlackElo "2404"]
[PlyCount "161"]
[EventDate "2011.08.20"]
[EventType "swiss"]
[EventRounds "9"]
[EventCountry "ITA"]
[SourceTitle "CBM 144 Extra"]
[Source "ChessBase"]
[SourceDate "2011.10.28"]
[SourceVersion "1"]
[SourceVersionDate "2011.10.28"]
[SourceQuality "1"]

1. e4 d5 2. exd5 Qxd5 3. Nc3 Qa5 4. d4 Nf6 5. Bd2 Bg4 6. f3 Be6 7. Nge2 Bc4 8. b3 Bxe2 9. Bxe2 Qb6 10. Be3 Qa5 11. Qd3 Nc6 12. 0-0 0-0-0 13. Na4 e5 14. Qf5+ Kb8 15. dxe5 Qxe5 16. Qxe5 Nxe5 17. Rfd1 Bd6 18. Bf2 Rhe8 19. Bf1 c6 20. Rd4 Kc7 21. c4 Ned7 22. Rad1 Be5 23. R4d2 b6 24. g3 g5 25. Kg2 Nf8 26. Rxd8 Rxd8 27. Rxd8 Kxd8 28. Be1 Ne6 29. Nc3 Kc7 30. Bd3 h6 31. Bd2 Kd6 32. Ne2 Ke7 33. f4 gxf4 34. gxf4 Bb2 35. Ng3 Ng7 36. Kf3 h5 37. h4 Kd6 38. Be2 Kc5 39. Ke3 Bd4+ 40. Kf3 Bb2 41. Be1 Kd6 42. Bb4+ c5 43. Be1 Ne6 44. Bd1 Ng7 45. Bd2 Ke6 46. Bc2 Kd6 47. f5 Be5 48. Bf4 a6 49. a4 a5 50. Bd1 Nge8 51. Ke3 Ng7 52. Be2 Bxf4+ 53. Kxf4 Kd7 54. Kg5 Ke7 55. Bf3 Nd7 56. Bxh5 f6+ 57. Kf4 Nxh5+ 58. Nxh5 Ne5 59. Ke4 Nc6 60. Nf4 Nd4 61. Nd5+ Kf7 62. Nxb6 Nxb3 63. Nd7 Nd2+ 64. Kd5 Nf3 65. h5 Nd4 66. Ke4 Ne2 67. Nxc5 Ng3+ 68. Kf4 Nxh5+ 69. Kg4 Ng7 70. Nb7 Ke7 71. c5 Kd7 72. Nxa5 Kc7 73. Kf4 Nh5+ 74. Kg4 Ng7 75. Nb3 Kc6 76. a5 Kb5 77. Nd4+ Kxa5 78. Ne6 Nxf5 79. Kxf5 Kb5 80. Kxf6 Kc6 81. Ke5 1-0

[Event "Presolana op 31st"]
[Site "Presolana"]
[Date "2011.08.23"]
[Round "4"]
[White "Recuero Guerra, David"]
[Black "Altini, Nicola"]
[Result "1-0"]
[WhiteElo "2441"]
[BlackElo "2267"]
[PlyCount "79"]
[EventDate "2011.08.20"]
[EventType "swiss"]
[EventRounds "9"]
[EventCountry "ITA"]
[SourceTitle "CBM 144 Extra"]
[Source "ChessBase"]
[SourceDate "2011.10.28"]
[SourceVersion "1"]
[SourceVersionDate "2011.10.28"]
[SourceQuality "1"]

1. d4 d5 2. c4 c6 3. Nf3 Nf6 4. e3 Bf5 5. Nc3 e6 6. Nh4 Be4 7. f3 Bg6 8. Qb3 Qc7 9. Bd2 Bd6 10. Rc1 a6 11. g3 Nbd7 12. Kf2 0-0 13. Nxg6 fxg6 14. Bh3 Rae8 15. Kg2 Kh8 16. c5 Be7 17. Bxe6 Bd8 18. Bh3 g5 19. Rhf1 g6 20. Rce1 h5 21. Qd1 Kg7 22. Kg1 Rh8 23. e4 g4 24. fxg4 hxg4 25. Bxg4 dxe4 26. Bf4 Qa5 27. Bxd7 Nxd7 28. a3 Nf6 29. Qc1 Be7 30. Be5 Rh5 31. b4 Qd8 32. Nxe4 Rf8 33. Qe3 Qd7 34. Nxf6 Bxf6 35. Bxf6+ Rxf6 36. Qe7+ Qxe7 37. Rxe7+ Kf8 38. Rxf6+ Kxe7 39. Rxg6 Rd5 40. Rg4 1-0

[Event "Presolana op 31st"]
[Site "Presolana"]
[Date "2011.08.20"]
[Round "1"]
[White "Salmoiraghi, Angelo"]
[Black "Recuero Guerra, David"]
[Result "1/2-1/2"]
[WhiteElo "2152"]
[BlackElo "2441"]
[PlyCount "51"]
[EventDate "2011.08.20"]
[EventType "swiss"]
[EventRounds "9"]
[EventCountry "ITA"]
[SourceTitle "CBM 144 Extra"]
[Source "ChessBase"]
[SourceDate "2011.10.28"]
[SourceVersion "1"]
[SourceVersionDate "2011.10.28"]
[SourceQuality "1"]

1. d4 Nf6 2. c4 e6 3. g3 d5 4. Nf3 Be7 5. Bg2 0-0 6. 0-0 c6 7. Nbd2 b6 8. Qc2 Bb7 9. Ne5 Nbd7 10. Nd3 Rc8 11. Rd1 c5 12. dxc5 Nxc5 13. b3 Nxd3 14. exd3 Qc7 15. Bb2 Rfd8 16. Rac1 b5 17. Qb1 dxc4 18. Bxb7 Qxb7 19. dxc4 Ng4 20. Qe4 Qxe4 21. Nxe4 Rxd1+ 22. Rxd1 bxc4 23. h3 Nf6 24. Nxf6+ Bxf6 25. Bxf6 gxf6 26. Rc1 1/2-1/2

[Event "Pardubice Czech op 22nd"]
[Site "Pardubice"]
[Date "2011.07.23"]
[Round "2"]
[White "Recuero Guerra, David"]
[Black "Miller, Eduard"]
[Result "1-0"]
[WhiteElo "2441"]
[BlackElo "2088"]
[PlyCount "59"]
[EventDate "2011.07.22"]
[EventType "swiss"]
[EventRounds "9"]
[EventCountry "CZE"]
[SourceTitle "CBM 143 Extra"]
[Source "ChessBase"]
[SourceDate "2011.08.29"]
[SourceVersion "1"]
[SourceVersionDate "2011.08.29"]
[SourceQuality "1"]

1. d4 d5 2. c4 c6 3. Nf3 Nf6 4. e3 Bg4 5. Qb3 Qc7 6. Ne5 Bf5 7. cxd5 cxd5 8. Bd2 e6 9. Na3 Nc6 10. Rc1 Nd7 11. Nxc6 bxc6 12. Bb5 Rb8 13. Rxc6 Qxc6 14. Bxc6 Rxb3 15. axb3 a6 16. Ke2 Bd6 17. b4 Ke7 18. b5 Rb8 19. Ra1 Rb6 20. Ba5 Rb8 21. bxa6 Rxb2+ 22. Ke1 Nb8 23. Bc3 Rb3 24. a7 Rxc3 25. Nb5 Nxc6 26. a8Q Bb4 27. Nxc3 Bxc3+ 28. Ke2 Bxa1 29. Qxc6 Kf6 30. Qc1 1-0

[Event "Pardubice Czech op 22nd"]
[Site "Pardubice"]
[Date "2011.07.22"]
[Round "1"]
[White "Lyell, Mark"]
[Black "Recuero Guerra, David"]
[Result "0-1"]
[WhiteElo "2224"]
[BlackElo "2441"]
[PlyCount "56"]
[EventDate "2011.07.22"]
[EventType "swiss"]
[EventRounds "9"]
[EventCountry "CZE"]
[SourceTitle "CBM 143 Extra"]
[Source "ChessBase"]
[SourceDate "2011.08.29"]
[SourceVersion "1"]
[SourceVersionDate "2011.08.29"]
[SourceQuality "1"]

1. d4 Nf6 2. Bg5 e6 3. e3 c5 4. c3 cxd4 5. exd4 Be7 6. Nf3 b6 7. Nbd2 0-0 8. Qc2 d6 9. h4 Nbd7 10. Bd3 Bb7 11. 0-0-0 Rc8 12. Kb1 Kh8 13. Ne4 Nxe4 14. Bxe4 Bxe4 15. Qxe4 Rc7 16. g4 b5 17. Qd3 a6 18. a4 bxa4 19. Qxa6 f6 20. Be3 Qb8 21. Qd3 Rfc8 22. Bd2 Rb7 23. Bc1 Rb3 24. Ng5 Nf8 25. Ne4 d5 26. Nc5 Bxc5 27. dxc5 Rxc5 28. Rh3 a3 0-1

[Event "Pontevedra Carlos op 3rd"]
[Site "Pontevedra"]
[Date "2011.07.01"]
[Round "7.1"]
[White "Recuero Guerra, David"]
[Black "Bykov, Alexey"]
[Result "1/2-1/2"]
[WhiteElo "2455"]
[BlackElo "2278"]
[PlyCount "65"]
[EventDate "2011.06.25"]
[EventType "swiss"]
[EventRounds "9"]
[EventCountry "ESP"]
[SourceTitle "EXT 2024"]
[Source "ChessBase"]
[SourceDate "2023.10.10"]
[SourceVersion "1"]
[SourceVersionDate "2023.10.10"]
[SourceQuality "1"]

1. d4 d5 2. c4 c6 3. Nf3 Nf6 4. Qc2 dxc4 5. Qxc4 Bf5 6. Nc3 e6 7. g3 Be7 8. Bg2 0-0 9. 0-0 Nbd7 10. e3 h6 11. Rd1 Bc2 12. Re1 Bh7 13. e4 Rc8 14. Qe2 b5 15. a3 a5 16. d5 b4 17. axb4 axb4 18. dxc6 Nc5 19. Rd1 Qb6 20. Nd5 exd5 21. exd5 Bd6 22. Be3 Be4 23. Qc4 Bxd5 24. Rxd5 Nxd5 25. Qxd5 Qxc6 26. Qf5 Qe4 27. Nd4 Qxf5 28. Nxf5 Nb3 29. Ra4 Bc5 30. Bd5 g6 31. Bxb3 gxf5 32. Bxc5 Rxc5 33. Rxb4 1/2-1/2

[Event "Pontevedra Carlos op 3rd"]
[Site "Pontevedra"]
[Date "2011.06.25"]
[Round "1.8"]
[White "Recuero Guerra, David"]
[Black "Torrado Bea, Francisco Ramon"]
[Result "1-0"]
[WhiteElo "2455"]
[BlackElo "1790"]
[PlyCount "111"]
[EventDate "2011.06.25"]
[EventType "swiss"]
[EventRounds "9"]
[EventCountry "ESP"]
[SourceTitle "EXT 2024"]
[Source "ChessBase"]
[SourceDate "2023.10.10"]
[SourceVersion "1"]
[SourceVersionDate "2023.10.10"]
[SourceQuality "1"]

1. e4 e5 2. Nf3 Nc6 3. Bb5 a6 4. Ba4 Nf6 5. d3 Be7 6. Bxc6 bxc6 7. Nxe5 Bb7 8. Nf3 d6 9. 0-0 0-0 10. h3 Nd7 11. d4 c5 12. d5 Bf6 13. Nbd2 Ne5 14. Nxe5 Bxe5 15. Nc4 Re8 16. Re1 Qh4 17. Qf3 Bxd5 18. Nxe5 Rxe5 19. Bf4 Rf5 20. g4 Rf6 21. Qe3 Rxf4 22. Qxf4 Bc6 23. Re3 Re8 24. Rae1 Re6 25. Kg2 h5 26. f3 Rf6 27. Qg3 Qg5 28. h4 Qg6 29. g5 Re6 30. c4 a5 31. Qh3 Qh7 32. Kg1 g6 33. R3e2 Qg7 34. Rd2 Qe5 35. Qh2 Qg7 36. Qg3 f6 37. gxf6 Qxf6 38. Kh2 Kh7 39. Rg1 Qf7 40. b3 Rf6 41. Kg2 Rf4 42. Re1 Qf6 43. Qg5 Qf7 44. Re3 Bd7 45. Kg3 Rf6 46. Kf2 Bg4 47. Rdd3 Qf8 48. Ke2 Bd7 49. e5 Rf5 50. Qg3 Rf4 51. e6 Be8 52. Qg5 Rf6 53. e7 Qf7 54. Qd5 c6 55. Qxf7+ Rxf7 56. Rxd6 1-0

[Event "ESP-ch Autonomicas"]
[Site "Gijon"]
[Date "2011.05.02"]
[Round "6.3"]
[White "Recuero Guerra, David"]
[Black "Huerga Leache, Mikel"]
[Result "0-1"]
[WhiteElo "2455"]
[BlackElo "2440"]
[PlyCount "134"]
[EventDate "2011.04.29"]
[EventType "team-swiss"]
[EventRounds "6"]
[EventCountry "ESP"]
[SourceTitle "CBM 142 Extra"]
[Source "ChessBase"]
[SourceDate "2011.06.27"]
[SourceVersion "1"]
[SourceVersionDate "2011.06.27"]
[SourceQuality "1"]
[WhiteTeam "Asturias"]
[BlackTeam "Navarra"]
[WhiteTeamCountry "ESP"]
[BlackTeamCountry "ESP"]

1. e4 c5 2. Nf3 Nc6 3. Bb5 g6 4. Bxc6 dxc6 5. d3 Bg7 6. h3 Nf6 7. Nc3 Nd7 8. Be3 e5 9. Qd2 h6 10. 0-0 Qe7 11. Nh2 Nf8 12. f4 exf4 13. Rxf4 Ne6 14. Rf2 Nd4 15. Raf1 Be6 16. Ng4 Bxg4 17. Rxf7 Qxf7 18. Rxf7 Kxf7 19. hxg4 Kg8 20. Na4 b6 21. b4 cxb4 22. Qxb4 c5 23. Nxc5 bxc5 24. Qxc5 Rd8 25. e5 Ne6 26. Qe7 Kh7 27. Qxe6 Rhe8 28. Qc4 Rxe5 29. Bxa7 Re1+ 30. Kf2 Re7 31. Bc5 Rc7 32. Ke3 Re8+ 33. Kd2 Rec8 34. d4 Bxd4 35. Qxd4 Rxc5 36. c3 R8c7 37. Kc2 Rc4 38. Qe5 Ra7 39. g5 Rg4 40. gxh6 Rxg2+ 41. Kb3 Rb7+ 42. Kc4 Rxa2 43. Kd3 Ra6 44. Ke3 Rc6 45. Kf3 Rbc7 46. Kg2 Rxc3 47. Qd6 R3c5 48. Kg3 Rg5+ 49. Kf4 Rf5+ 50. Ke4 Rcf7 51. Qh2 Rf3 52. Qe5 Rf1 53. Qh2 Re1+ 54. Kd5 Rd7+ 55. Kc6 Red1 56. Qf4 R1d2 57. Qe3 R2d6+ 58. Kc5 Rd3 59. Qe1 Rc7+ 60. Kb6 Rdc3 61. Qa1 R3c6+ 62. Kb5 Rc1 63. Qd4 Rb1+ 64. Ka6 Rcb7 65. Qc3 R1b6+ 66. Ka5 Rb3 67. Qc5 Ra3+ 0-1